01101nam a2200193Ia 4500001001100000003001000011008004100021040002500062041001300087100004500100245004900145250001100194260006100205300001200266500023600278501011400514520023600628650004300864A085-34679IT-CnALBA170116s9999||||xx |||||||||||||| ||und|| aIT-CnALBAcIT-CnALBA aITALIANO aBOSSUET JACQUES-BENIGNE VESCOVO DI MEAUX 0aOPERE DI BOSSUET. SERMONI. TOMO LV. VOL. I.  a1a ed. a VENEZIAbZERLETTI PIETRO (PRESSO) c1800 [1° Ed.:1800] a246 p.  aPREFAZIONE. FESTA DI TUTTI I SANTI. BEATITUDINI. QUATTRO SERMONI E FRAMMENTI. COMMEMORAZIONE DEI FEDELI DEFUNTI. DUE SERMONI. PRIMA DOMENICA D'AVVENTO. TRE SERMONI. VIGILANZA CRISTIANA. GIUDIZIO FINALE. SECONDA DOMENICA D'AVVENTO.  aSocietà San Paolo EM - Piazza San Paolo, 14 - 12051 ALBA (CN) (non commercial uses only) ® Copyright 2017 aPREFAZIONE. FESTA DI TUTTI I SANTI. BEATITUDINI. QUATTRO SERMONI E FRAMMENTI. COMMEMORAZIONE DEI FEDELI DEFUNTI. DUE SERMONI. PRIMA DOMENICA D'AVVENTO. TRE SERMONI. VIGILANZA CRISTIANA. GIUDIZIO FINALE. SECONDA DOMENICA D'AVVENTO.  aRACCOLTE DI CARATTERE GEN. IN ITALIANO